|
|
|
|
| LEADER |
00000nam a2200000 i 4500 |
| 001 |
1/2432 |
| 008 |
000505s1993 eng d |
| 020 |
|
|
|a 1869890477
|
| 035 |
|
|
|l 10060418
|
| 040 |
|
|
|a GR-MY-UA
|b gre
|e aacr
|
| 041 |
0 |
|
|a eng
|
| 082 |
0 |
|
|a 394.260941
|
| 100 |
1 |
|
|a Fitzjohn, Sue.
|
| 245 |
1 |
0 |
|a Festivals together :
|b a guide to multi-cultural celebration /
|c Sue Fitzjohn, Minda Weston, Judy Large ; illustrations by John Gibbs with Sarah Fitzjohn and Abigail Large ; original music by Jehanne Mehta
|
| 260 |
|
|
|a Stroud :
|b Hawthorn,
|c c1993
|
| 300 |
|
|
|a 223 p.;
|b ill., music;
|c 26 cm.
|
| 500 |
|
|
|a Includes index
|
| 504 |
|
|
|a Bibliography: (p.215)
|
| 650 |
0 |
0 |
|a Festivals
|z Great Britain.
|
| 700 |
1 |
|
|a Weston, Minda.
|
| 700 |
1 |
|
|a Large, Judy.
|
| 852 |
|
|
|a INST
|b LESVOS
|e 20000505
|h 394.260941 FIT
|p 005100021507
|q 005100021507
|t BK
|y 0
|
| 901 |
|
|
|a BIBL1-2000-2
|
| 909 |
|
|
|a Λ
|b 060933
|
| 922 |
|
|
|a 1ΕΛΗ
|b 199811
|c ΚΠΣ/ΤΚ
|d ΠΑΠΑΣΩΤΗΡΙΟΥ
|
| 950 |
|
|
|a 103-1998-07-27
|
| 970 |
|
|
|z 2000/05/ΜΙΧΑΗΛΙΔΟΥ ΑΝΝΑ
|